Beijing and beyond, Beijing +10 NGO country report, 2004 : (Record no. 4269)
[ view plain ]
| 000 -LEADER | |
|---|---|
| fixed length control field | 00558nam a2200181 4500 |
| 005 - DATE AND TIME OF LATEST TRANSACTION | |
| control field | 20231202005441.0 |
| 008 - FIXED-LENGTH DATA ELEMENTS--GENERAL INFORMATION | |
| fixed length control field | 231202b2004 |||||||| |||| 00| 0 eng d |
| 082 ## - DEWEY DECIMAL CLASSIFICATION NUMBER | |
| Classification number | 305.42 |
| Item number | BEY |
| 942 ## - ADDED ENTRY ELEMENTS (KOHA) | |
| Item Type | Reports |
| 110 ## - MAIN ENTRY--CORPORATE NAME | |
| Corporate Name | Beyond Beijing Committee |
| 700 ## - ADDED ENTRY--PERSONAL NAME | |
| Personal name | Siwakoti, Gopal Krishna |
| 700 ## - ADDED ENTRY--PERSONAL NAME | |
| Personal name | Ostermann, Susan L. |
| 245 ## - TITLE STATEMENT | |
| Title | Beijing and beyond, Beijing +10 NGO country report, 2004 : |
| Sub Title | Nepal |
| 260 ## - PUBLICATION, DISTRIBUTION, ETC. (IMPRINT) | |
| Place of Publication | Lalitpur: |
| Name of Publisher | Beyond Beijing Committee, |
| Date of Copyright | [2004] |
| 300 ## - PHYSICAL DESCRIPTION | |
| Extent | 62 p. : color ill. ; 26 cm |
| 650 ## - SUBJECT ADDED ENTRY--TOPICAL TERM | |
| Topical Term | FEMINISM-Nepal |
| 650 ## - SUBJECT ADDED ENTRY--TOPICAL TERM | |
| Topical Term | Women in development |
| Withdrawn status | Lost status | Source of classification or shelving scheme | Damaged status | Not for loan | Permanent location | Current location | Date acquired | Total Checkouts | Full call number | Barcode | Date last seen | Price effective from | Koha item type |
|---|---|---|---|---|---|---|---|---|---|---|---|---|---|
| Dewey Decimal Classification | Resource center, Muslim Women's Research And Action Forum | Resource center, Muslim Women's Research And Action Forum | 2023-12-02 | 305.42 BEY | RAF3258 | 2023-12-02 | 2023-12-02 | Reports |

